| 000 | 00833nam a22002177a 4500 | ||
|---|---|---|---|
| 999 |
_c161282 _d161282 |
||
| 005 | 20190821123346.0 | ||
| 010 | _a1819CHEN B-720251-271 | ||
| 020 |
_a8188539252 _c499.00 |
||
| 035 | _aB-720251-271 | ||
| 035 | _aB-728632 | ||
| 037 |
_bAkshar Mala _adpl |
||
| 082 | _a483 | ||
| 245 |
_aChildren picture dictionary: _bEnglish-English-Hindi with general knowledge |
||
| 260 |
_aNew Delhi _bAkshar Mala _c2018 |
||
| 270 |
_aA-47, Amar Colony, Lajpat Nagar _bNew Delhi _e110024 |
||
| 300 |
_a192p.: _bcol. ill. _c24cm(Hb) |
||
| 500 | _aAirport | ||
| 942 |
_2ddc _cCH _mCHI _h483 |
||